| 000 | 00629nam a2200181 a 4500 | ||
|---|---|---|---|
| 001 | 000034878 | ||
| 005 | 20200930073947.0 | ||
| 008 | 111021s1977 xxu 000 0 spa d | ||
| 020 | _a0915132109 | ||
| 040 |
_aDO-SdBNP _bspa _cBNPHU |
||
| 100 | 1 |
_aEknath, Easwaran, _d1910-1999 _960432 |
|
| 245 | 1 | 0 |
_aThe mantram handbook / _cEaswaran E nath ; introduction by Richard B. Applegate. |
| 260 |
_aCalifornia : _bNilgiri Press, Berkeley, _c1977. |
||
| 300 |
_a260 p. ; _c19 cm. |
||
| 500 | _aIncluye índice | ||
| 590 | _aPerteneció a la biblioteca personal de Juan Isidro Jimenes Grullón. | ||
| 700 | 1 | 2 |
_aApplegate, Richard B. _960433 |
| 999 |
_c34369 _d34369 |
||